000 00672nam a2200193 i 4500
001 21037
003 ES-MaACL
005 20230906152416.0
007 t|
008 021120s1893 sp |||| | spa d
100 1 _aAlas, Leopoldo
_d1852-1901
_9226375
245 1 0 _aPalique /
_cpor Clarín (Leopoldo Alas).
260 _aMadrid :
_bLibrería de Victoriano Suárez,
_c1893 (
_fTip. Franco-Española)
300 _aXXXI, 342 p. ;
_c19 cm.
530 _aDisponible en formato digital.
852 _aES-MaACL
_jB-3141
856 _uhttp://bibliotecadigital.jcyl.es/i18n/consulta/registro.cmd?id=14304
_zBiblioteca Digital de Castilla y León
999 _c21037
_d21037